Rašeliniská severného Turca

Bibliographic Details
Main Authors: Dobošová, Anna, 1955- (Author), Galvánek, Dobromil, 1974- (Author)
Format: Article
Language:Slovak
PhysicalDescription:Fotogr., obr., tab.
ISBN:8096888005
Subjects:

MARC

LEADER 00000naa a2200000 ar4500
001 vtls009085596
003 SK-MaSNL
005 20260302140922.0
008 070807e2003 xo oa ||ab |||| ||slo
015 |a SNBRA2007/08  |2 snkbucl 
038 |a SNKBUCL 
040 |a SNKBUCL  |b slo  |c SNKBUCL  |e AACR2 
041 0 |a slo  |b eng 
044 |a xo  |c SK 
080 |a 551.312.2  |x (437.6)  |2 1997 
080 |a (252.6)  |2 1997 
100 1 |a Dobošová, Anna,  |d 1955-  |4 aut  |9 104784 
245 1 0 |a Rašeliniská severného Turca  |c Anna Dobošová, Dobromil Galvánek 
300 |b Fotogr., obr., tab. 
504 |a Literatúra 
546 |a Res. angl. 
650 0 7 |a rašeliniská  |2 snkbucl  |9 19255 
651 7 |a Turiec (Slovensko : región)  |2 snkbucl  |9 238871 
700 1 |a Galvánek, Dobromil,  |d 1974-  |4 aut  |9 235855 
773 0 |t Zborník Oravského múzea 2002 - XIX  |d Dolný Kubín : Oravské múzeum P. O. Hviezdoslava, [2003]  |g S. 222-233  |z 8096888005 
852 |a SNK  |b KIS3GCP 
958 |a NB 
958 |a SK 
999 |c 1333165  |d 1335095